Elephant in Indian art and mythology / (Record no. 77201)
[ view plain ]
| 000 -LEADER | |
|---|---|
| fixed length control field | 00980nam a2200313 a 4500 |
| 001 - CONTROL NUMBER | |
| control field | 77201 |
| 003 - CONTROL NUMBER IDENTIFIER | |
| rucl marc code | BD-RjUL |
| 005 - DATE AND TIME OF LATEST TRANSACTION | |
| control field | 20211209082937.0 |
| 008 - FIXED-LENGTH DATA ELEMENTS--GENERAL INFORMATION | |
| fixed length control field | 200302s1983 ii af b 001 0 eng |
| 020 ## - INTERNATIONAL STANDARD BOOK NUMBER | |
| Terms of availability | Rs210.00 ($42.00 U.S.) |
| 035 ## - SYSTEM CONTROL NUMBER | |
| System control number | (BD-RjUL)77425 |
| 040 ## - CATALOGING SOURCE | |
| Original cataloging agency | DLC |
| Transcribing agency | DLC |
| Modifying agency | DLC |
| -- | BD-RjUL |
| Language of cataloging | eng |
| 041 ## - LANGUAGE CODE | |
| Language code of text/sound track or separate title | eng |
| 043 ## - GEOGRAPHIC AREA CODE | |
| Geographic area code | a-ii--- |
| 082 00 - DEWEY DECIMAL CLASSIFICATION NUMBER | |
| Edition number | 23 |
| Classification number | 704.947 |
| Author mark and year | GUE 1983 |
| 100 1# - MAIN ENTRY--PERSONAL NAME | |
| Personal name | Gupta, S. K., |
| Dates associated with a name | 1939- |
| 9 (RLIN) | 240240 |
| 245 10 - TITLE STATEMENT | |
| Title | Elephant in Indian art and mythology / |
| Statement of responsibility, etc. | S.K. Gupta ; foreword by Indira Gandhi. |
| 260 ## - PUBLICATION, DISTRIBUTION, ETC. (IMPRINT) | |
| Place of publication, distribution, etc. | New Delhi : |
| Name of publisher, distributor, etc. | Abhinav Publications, |
| Date of publication, distribution, etc. | 1983. |
| 300 ## - PHYSICAL DESCRIPTION | |
| Pagination | xvi, 87 p., [39] p. of plates : |
| Illustrations | ill. (some col.) ; |
| Size | 28 cm. |
| 500 ## - GENERAL NOTE | |
| General note | Includes index. |
| 504 ## - BIBLIOGRAPHY, ETC. NOTE | |
| Bibliography, etc | Bibliography: p. [77]-84. |
| 650 #0 - SUBJECT ADDED ENTRY--TOPICAL TERM | |
| Topical term or geographic name as entry element | Mythology, Indic. |
| 9 (RLIN) | 240241 |
| Topical term or geographic name as entry element | Art, Indic. |
| 9 (RLIN) | 240242 |
| Topical term or geographic name as entry element | Elephants in art. |
| 9 (RLIN) | 228032 |
| Topical term or geographic name as entry element | Elephants |
| General subdivision | Mythology |
| Geographic subdivision | India. |
| 9 (RLIN) | 228032 |
| 942 ## - ADDED ENTRY ELEMENTS (KOHA) | |
| Source of classification or shelving scheme | Dewey Decimal Classification |
| Koha item type | Books |
| Lost status | Source of classification or shelving scheme | Damaged status | Not for loan | Collection code | Permanent Location | Current Location | Shelving location | Date acquired | Total Checkouts | Full call number | Date last seen | Copy number | Koha item type |
|---|---|---|---|---|---|---|---|---|---|---|---|---|---|
| Dewey Decimal Classification | Not For Loan | Non-fiction | Central Library, University of Rajshahi | Central Library, University of Rajshahi | Reading Room | 02/03/2020 | 704.947 GUE 1983 | 02/03/2020 | C-1 | Books |